00786nam a2200181Ia 4500008004100000020001500041041001200056082001100068100001800079245008700097260004400184300000900228650000800237942000700245999001500252952016800267952016900435221030s9999 xx 000 0 und d a0195670922 aEnglish a105.23 aV. R. Moorthi 0aPower Electronics - Devices, Circuits, & Industrial Applicationscby V. R. Moorthi bOxfor University PressaNew Delhic2005 a1013 aECE cBK c5802d5802 pBE 9689g345.00l0o105.23 r2024-06-13 00:00:00w2022-10-30yBK003Print4070aMIETLIBbMIETLIBcBL-Academic Block C, FL-2, CUP-30, SH-5, R-5d2008-05-1310HBE pBE 9690g345.00l0o105.23 r2024-06-13 00:00:00w2022-10-30yBK003Print4070aMIETLIBbMIETLIBcBL-Academic Block C, FL-2, CUP-121, SH-5, R-5d2008-05-1310HBE